Quizzes
Events
Quiz Creation
Community
Videos
Private Events
Remove Ads
Sign In
Join for FREE
Feedback
Dark Mode
Quiz Categories
Sports
Geography
Music
Movies
Television
Just For Fun
Miscellaneous
History
Literature
Language
Science
Gaming
Entertainment
Religion
Holiday
For Kids
Quiz Lab
Recent
Popular Today
Quiz Kudos Today
Editor Picks
Curator Picks
Quizzes by...
Day
Popularity
Type
Ratings
Length
Year
Community
Subscriptions
Recent Discussions
Orange Saloon
Badges
Playlists
Quests
Create
Leaderboards
Showdown
Live 5
Trivia Bingo
Activity
Puzzle Library
Sporcle Events
Private Events
Virtual Trivia
Globe League
Become a Host
Pub Owners
SporcleCon
Opinionation
Our Games
Videos
Blog
Mobile Apps
Partnerships
Remove Ads and Go Orange
Feedback
Movies
Disney
Marvel Cinematic Universe
Movie Resume
Movie Titles
Oscar
Actor
Actress
Director
Pixar
Role
Movie Quotes
Movie Characters
Box Office
Nominee
Best Picture
Star Wars
James Bond
Horror Movies
Movies
Disney
Marvel Cinematic Universe
Movie Resume
Movie Titles
Oscar
Actor
Actress
Director
Pixar
Role
Movie Quotes
Movie Characters
Box Office
Nominee
Best Picture
Star Wars
James Bond
Horror Movies
Random Quiz
Search Sporcle
×
Quiz Lab
Quiz Lab
Movies
Starring
Type in answers that appear in a list
Type in answers that appear in a list
Classic
Best Score? Go Orange.
Titles F-Movies Stats
Can you name the movies that use the f-word the most?
By
Doughyjon
11m
99 Questions
102 Plays
102 Plays
102 Plays
Comments
Comments
Give Quiz Kudos
Give Quiz Kudos
-
- Ratings
hide this ad
More Info
Replay
Link that replays current quiz
Next Quiz
Link to next quiz in quiz playlist
You Got
0%
They Got
Avg Score
20%
Avg Friend Score
Upgrade to see
Score Distribution
Jump to the score distribution portion of the page
Score
0/99
Timer
11:00
0
Plays Today
Year Released/Genre/Starring
Movie
% Correct
1990 Ray Liotta
Goodfellas
76.5%
1994 John Travolta
Pulp Fiction
66.7%
1992 Steve Buscemi
Reservoir Dogs
65.7%
1983 Al Pacino
Scarface
64.7%
1995 Sharon Stone
Casino
63.7%
2002 Eminem
8 Mile
61.8%
2007 Jonah Hill, Michael Cera
Superbad
59.8%
2013 Leonardo DiCaprio
The Wolf of Wall Street
57.1%
2006 Matt Damon Jack Nicholson
The Departed
54.9%
2008 James Franco
Pineapple Express
42.2%
1998 Jeff Bridges
Big Lebowski
41.2%
2001 Kevin Smith Jason Mewes
Jay and Silent Bob Strike Back
41.2%
1986 Charlie Sheen
Platoon
41.2%
1993 Christian Slater, Patrica Arquette
True Romance
40.2%
1998 Edward Norton
American History X
39.2%
2003 Charlize Theron
Monster
38.2%
2007 Emile Hirsch, Justin Timberlake
Alpha Dog
36.3%
2007 Robert Rodriguez, Quentin Tarantino
Grindhouse
35.3%
1999 Paul Thomas Anderson
Magnolia
34.3%
1997 Mark Walberg
Boogie Nights
33.3%
1997 Robin Williams
Good Will Hunting
33.3%
2005 Documentary
****
32.4%
1994 Stand-
up
Eddie Murphy Raw
32.4%
1999 Found footage
The Blair Witch Project
32.4%
1999 Spike Lee
Summer of Sam
29.4%
2000 Brad Pitt
Snatch
28.4%
2001 Jon Favreau, Vince Vaughn
Made
26.5%
2005 Daniel Craig
Layer Cake
26.5%
1997 Johnny Depp
Donnie Brasco
25.5%
2012 Channing Tatum
Magic Mike
25.5%
2009 Biography-
Biggie Smalls
Notorious
25.5%
1993 Robert DeNiro, Chazz Palminteri
A Bronx Tale
24.5%
2010 Ben Affleck
The Town
24.5%
Year Released/Genre/Starring
Movie
% Correct
2013 Danny McBride
This is the End
23.5%
2005 Jamie Foxx
Jarhead
22.5%
2005 50 Cent
Get Rich or Die Tryin'
22.5%
2005 Terrence Howard
Hustle and Flow
21.6%
1997 Gary Oldman
Nil by Mouth
20.6%
2012 Jake Gyllenhaal
End of Watch
20.6%
2011 Canadian; Sean William Scott
Goon
20.6%
1993 Janet Jackson
Poetic Justice
20.6%
1988 Sean Penn, Robert Duvall
Colors
20.6%
2006 Paul Walker
Running Scared
18.6%
1993 Tyrin Turner, Larenz Tate
Menace II Society
18.6%
2002 Jason Patric
Narc
18.6%
1989 Tom Cruise
Born on the Fourth of July
18.6%
2012 Liam Neeson
The Grey
18.6%
1999 Willem Dafoe
Boondock Saints
17.6%
2005 Rob Zombie
The Devil's Rejects
17.6%
2009 Adam Sandler
Funny People
17.6%
1997 Rhys Ifans
Twin Town
15.7%
2001 Brad Renfro
Bully
15.7%
1997 Christopher Walken, Dennis Leary
Suicide Kings
15.7%
2010 John Cusack
Hot Tub Time Machine
13.7%
2000 Steve Harvey, Bernie Mac
The Original Kings of Comedy
12.7%
1998 DMX, Nas
Belly
12.7%
2006 Christian Bale, Freddy Rodriguez
Harsh Times
11.8%
2010 Joaquin Phoenix
I'm Still Here
11.8%
1995 Larenz Tate, Chris Tucker
Dead Presidents
11.8%
2008 Seth Rogen
Zack and Miri Make a Porno
11.8%
2001 Samuel L. Jackson, Robert Carlyle
Formula 51
11.8%
2009 Jason Statham
Crank 2: High Voltage
11.8%
2008 Dan Ellis, Nathan Witte
Gutterballs
10.8%
2005 Cuba Gooding Jr.
Dirty
10.8%
1990 Ed Harris
State of Grace
10.8%
1997 Tim Roth
Gridlock'd
10.8%
Year Released/Genre/Starring
Movie
% Correct
1995 Harvey Keitel
Clockers
10.8%
1995 Antonia Banderas
Four Rooms
10.8%
2000 Giovanni Ribisi
Boiler Room
9.8%
2008 Jon Voight
Pride and Glory
9.8%
2002 Jason Schwartzman, Brittany Murphy
Spun
9.8%
2000 Joel Schumacher
Tigerland
9.8%
1998 James Wood, Melanie Griffith
Another Day in Paradise
8.8%
2002 John Leguizamo, Peter Sarsgaard
Empire
8.8%
2003 Documentary-
Troy Duffy
Overnight
8.8%
2005 Beanie Sigel
State Property 2
7.8%
2011 Jesse Eisenberg
30 Minutes or Less
7.8%
1999 Robert Downey Jr.
Black and White
7.8%
1999 Master P
Foolish
7.8%
1998 Ice Cube
I Got the Hook Up
7.8%
2009 Donald Faison
Next Day Air
7.8%
1998 Saul Williams
Slam
7.8%
2012 Thomas Mann
Project X
7.8%
2014 Canadian
Swearnet: The Movie
7.1%
2002 Stand-
up
Martin Lawrence Live: Runteldat
6.9%
1998 Scottish; Peter Mullan
My Name is Joe
6.9%
1999 Phillip Seymour Hoffman
Flawless
6.9%
1991 Alan Parker
The Commitments
6.9%
2003 Eddie Griffin
DysFunktional Family
5.9%
2000 Jay-
Z
Backstage
5.9%
1997 TuPac
Gang Related
5.9%
1998 Famke Janssen, Martin Sheen
Monument Ave
4.9%
1996 Adrien Brody
Ten Benny
4.9%
1999 John Simm
Human Traffic
4.9%
1983 Stand-
up
Eddie Murphy Delerisus
3.9%
2003 Kevin Hart
Death of a Dynasty
3.9%
1993 Damian Chapa
Blood in Blood Out
3.9%
2003 Irish; Colin Farrell
Intermission
3.9%
2010 Richard Gere, Ethan Hawke, Don Cheadle
Brookyln's Finest
1%
Quiz Playlist
Details
Report
Send in Message
Add To Playlist
More Info:
List is correct as of 1st October 2013.
Classic:
Type in answers that appear in a list
Quiz Source
Last Updated: Feb 16, 2017
Quiz Scoreboard
CHALLENGE
Sign Up to Join the Scoreboard
Show All
Scores
Hide
Comments
May contain spoilers
Recently Published
Presidents Visiting Landmarks
by Hejman
History
7m
An Introduction to Baseball
by treessimontrees
Sports
5m
Movies - When Are They Set?
by FPL_Elf
Movies
5m
More to Explore
Quiz From the Vault
Featured Blog Post
Where Did the Easter Bunny Come From?
hide this ad
You Might Also Like...
Tags
bomb
F-word
genre
Released
Starring
Today's Top Quizzes in Movies
Browse Movies
hide this ad
Today's Top Quizzes in Starring
Browse Starring
Top Contributed Quizzes in Movies
1
Pick 5 Posters: Directed by Spielberg
2
7-to-1: Pixar Characters
3
Pick 5 Posters: Lowest-Rated Spielberg
4
Pick 5 Posters: Directed by Scorsese
5
Pick 5 Posters: Star & Director
6
Sorting Actors
7
Sorting Actresses
8
12 Movies about Fictional 1960s Events
9
Multi-Oscar Nominations, One Movie, One Winner
10
Pick 5 Posters: Women Directed 2020s
Explore More
Trending Topics
NBA
Anime
Marvel
Harry Potter
Disney
Kpop
Crossword
NFL
The Office
Soccer
Country
Puzzle
WWE
Pokémon
Song
hide this ad
More By:
Doughyjon
Quiz
Plays
Rating
Category
Featured
Created
Titles F-Movies
102
3.10
Movies
Oct 1, 2013
Frasier Callers (Season 1)
40
5.00
Television
Jul 13, 2015
Who's Who in Timbuctoo
27
Literature
Feb 1, 2014
Go to Creator's Profile
Score Distribution
Quiz Creator Spotlight
Doughyjon
Follow
Send a Message
Quizzes Created
-
Created Quiz Play Count
-
More By This Creator
Popular Quizzes Today
1
Find the US States - No Outlines Minefield
2
Find the Countries of Europe - No Outlines Minefield
3
The Countries of the World
4
Find the US States
5
Popular People in 1961
6
US States
7
Risky Map Clicking: Biggest States A-Z
8
Movies - When Are They Set?
More Movies Quizzes
Pick a Movie Cat
Quiz Lab
Trending Quizzes
Risky Map Clicking: Least Populous States A-Z
1-10 Letter G Words
1-10 Letter F Words
Risky Map Clicking: Next State Alphabetically
Risky Map Clicking: Biggest States A-Z
Recently Updated
Leaping Animals
pecheneg
Reality TV Shows (A-Z)
bhenderson79
Rickey Henderson's Hall of Fame Teammates
pecheneg
Champions League XIs: Arsenal
pecheneg
Quick Pick: Celebrities in WWE's Hall of Fame
aduchscher
A-Z Keypad Blitz II
pecheneg
Multiple Oscar Actors
pecheneg
Mystery Phrase Blitz: Oscar 'Best Actors'
pecheneg
F. Scott Fitzgerald Novels
LTH
Pick 3 Villains
ddd62291
Trending Topics
Marvel
Kpop
Crossword
Anime
Harry Potter
NBA
Disney
WWE
The Office
Song
Pokémon
Soccer
NFL
Puzzle
Country
Your Account Isn't Verified!
In order to create a playlist on Sporcle, you need to verify the email address you used during registration. Go to your
Sporcle Settings
to finish the process.
Report this User
Report this user for behavior that violates our
Community Guidelines
.
Details:
Send Report
Go to the Sporcle.com Mobile Site →
Comments